000 00387nam a22001457a 4500
999 _c12519
_d12519
008 210204b ||||| |||| 00| 0 eng d
082 0 0 _a621.3
_bK891
100 _91274
_aKraal, Edmund G. R.
245 1 0 _aBasic electrotechnology
_cby Edmund G. R. Kraal
260 _aLondon
_bThomas Reed
_c1969
300 _a554 p.
365 _d70.00
650 0 _aElectrical Engineering
942 _cBK